| Tag |
First Indicator |
Second Indicator |
Subfields |
| LEADER |
00000cam a2200000 i 4500 |
| 001 |
in00000817813 |
| 005 |
20151018114909.0 |
| 008 |
800811s1980 dcu f00010 eng d |
| 010 |
|
|
|a gp 80019954
|
| 020 |
|
|
|c $3.75 (pbk. :)
|
| 035 |
|
|
|a (OCoLC)06615468
|
| 035 |
|
|
|9 ADV0795AM
|
| 037 |
|
|
|b 20402
|
| 040 |
|
|
|c GPO
|d MvI-ran
|d UtOrBLW
|
| 043 |
|
|
|a n-us---
|
| 074 |
|
|
|a 136
|
| 086 |
0 |
|
|a C 3.24/4:MC 77-I-34 F
|
| 110 |
1 |
|
|a United States.
|b Bureau of the Census.
|
| 240 |
1 |
0 |
|a Census of manufactures (1977)
|
| 245 |
1 |
0 |
|a 1977 census of manufactures :
|b industry series, miscellaneous fabricated metal products.
|
| 264 |
|
2 |
|a Washington :
|b Dept. of Commerce, Bureau of the Census : for sale by Subscriber Services (Publications), Bureau of the Census,
|c 1980.
|
| 300 |
|
|
|a 57 pages in various pagings ;
|c 28 cm.
|
| 336 |
|
|
|a text
|b txt
|2 rdacontent
|
| 337 |
|
|
|a unmediated
|b n
|2 rdamedia
|
| 338 |
|
|
|a volume
|b nc
|2 rdacarrier
|
| 490 |
0 |
|
|a MC 77-I ; 34 F
|
| 500 |
|
|
|a Issued July 1980.
|
| 650 |
|
0 |
|a Manufactures
|z United States
|v Statistics.
|
| 650 |
|
0 |
|a Metal trade
|z United States
|x Statistics.
|
| 740 |
|
|
|a Industry series, miscellaneous fabricated metal products.
|
| 740 |
|
|
|a Miscellaneous fabricated metal products.
|
| 999 |
|
|
|a MARS
|
| 999 |
f |
f |
|s d9068ea8-7164-3d5b-9413-4e4e30922e97
|i f78639cc-32ad-3f10-9d9a-a5bad31de6c8
|t 0
|
| 952 |
f |
f |
|p noncirc
|a Texas A&M University
|b College Station
|c Sterling C. Evans Library
|d Evans: US Documents (Annex 5th floor)
|t 0
|e C 3.24/4:MC 77-I-34 F
|h Superintendent of Documents classification
|i unmediated -- volume
|m A14812766368
|
| 998 |
f |
f |
|a C 3.24/4:MC 77-I-34 F
|t 0
|l Evans: US Documents (Annex 5th floor)
|